Perspectives for the Balkans and a Wider European Order (Record no. 8742)
[ view plain ]
| 000 -LEADER | |
|---|---|
| fixed length control field | 01215nam a22002177u 4500 |
| 001 - CONTROL NUMBER | |
| control field | pwiiw3352 |
| 003 - CONTROL NUMBER IDENTIFIER | |
| control field | OSt |
| 005 - DATE AND TIME OF LATEST TRANSACTION | |
| control field | 20260516120107.0 |
| 008 - FIXED-LENGTH DATA ELEMENTS--GENERAL INFORMATION | |
| fixed length control field | 991130t1999 au ||||| |||| 00| ||eng d |
| 040 ## - CATALOGING SOURCE | |
| Transcribing agency | OSt |
| 041 ## - LANGUAGE CODE | |
| Language code of text/sound track or separate title | eng |
| 100 1# - MAIN ENTRY--PERSONAL NAME | |
| Personal name | Emerson, Michael |
| 245 10 - TITLE STATEMENT | |
| Title | Perspectives for the Balkans and a Wider European Order |
| 260 ## - PUBLICATION, DISTRIBUTION, ETC. | |
| Place of publication, distribution, etc. | Wien : |
| Name of publisher, distributor, etc. | Wiener Institut für Internationale Wirtschaftsvergleiche (wiiw), |
| Date of publication, distribution, etc. | 1999. |
| 490 1# - SERIES STATEMENT | |
| Series statement | wiiw Balkan Observatory Working Papers |
| Volume/sequential designation | 3 |
| 520 ## - SUMMARY, ETC. | |
| Summary, etc. | CEPS established a template for EU strategy towards the Balkans already during the Kosovo war, and this was refined in the Ljubljana Declaration by the think tanks of the region (with CEPS) in July before the Sarajevo Summit. The subsequent evolution of policy in the region and of the EU and Stability Pact is compared with these proposals. Some parts of the CEPS proposals are developed further. Implications for the rest of the wider Europe are also examined, in search for the defining concepts and mechanisms of an order for the entire European space. |
| 651 ## - SUBJECT ADDED ENTRY--GEOGRAPHIC NAME | |
| Geographic name | Balkan States |
| 830 #0 - SERIES ADDED ENTRY--UNIFORM TITLE | |
| Volume/sequential designation | 3 |
| Bibliographic record control number | WIIW0000140 |
| Title of a work | wiiw Balkan Observatory Working Papers |
| 856 40 - ELECTRONIC LOCATION AND ACCESS | |
| Uniform Resource Identifier | <a href="https://wiiw.ac.at/p-3352.html">https://wiiw.ac.at/p-3352.html</a> |
| 942 ## - ADDED ENTRY ELEMENTS (KOHA) | |
| Koha item type | Paper |
| Source of classification or shelving scheme | Other/Generic Classification Scheme |
| Withdrawn status | Lost status | Damaged status | Not for loan | Home library | Current library | Shelving location | Date acquired | Inventory number | Total Checkouts | Full call number | Barcode | Date last seen | Price effective from | Koha item type |
|---|---|---|---|---|---|---|---|---|---|---|---|---|---|---|
| WIIW | WIIW | Library | 11/30/1999 | pwiiw3352 | 3 | 1000010003352 | 11/30/1999 | 02/05/2019 | Paper |
